| 000 | 00867cab a2200241 4500 | ||
|---|---|---|---|
| 001 | ABS41357 | ||
| 008 | 090401t1989 xxu||||| |||| 00| 0 eng d | ||
| 035 | _a(Sirsi) u29696 | ||
| 041 | _aeng | ||
| 100 | _aCairns, H. | ||
| 245 | 4 | _aThe industry needs new building papers | |
| 260 | _c1989 | ||
| 350 | _a0 | ||
| 490 |
_aBuilding Today _v198(5823) 14 September 1989, 20-24(3) |
||
| 520 | _aExplains why modern construction techniques have led to the need for improved vapour control and the development of new breather papers . Noting that traditional papers breathe too slowly, the author reviews the results of tests on three specific types. Illustrates with diagrams. | ||
| 650 | _aBS 4016 | ||
| 650 | _aCONDENSATION | ||
| 650 | _aDAMP | ||
| 650 | _aINSULATION | ||
| 690 | _aBUILT ENVIRONMENT-BUILDING MATERIALS | ||
| 942 | _n0 | ||
| 948 | _c04/03/1997 | ||
| 999 |
_c19975 _d19975 |
||